| 000 | 00726cam a2200133 4500500 | ||
|---|---|---|---|
| 005 | 20251214004315.0 | ||
| 041 | _afre | ||
| 042 | _adc | ||
| 100 | 1 | 0 |
_aMauduit, Xavier _eauthor |
| 245 | 0 | 0 | _aHistoire de Napoléon... : ...cuisiné à la sauce Lavisse |
| 260 |
_bArmand Colin,
_c2020. |
||
| 520 | _aL’auteur nous raconte sa « petite histoire » mettant en scène la France du temps de Napoléon à la manière du petit manuel publié au 19e siècle chez Armand Colin par Ernest Lavisse. Xavier Mauduit pour sa part a choisi la parodie : Lavisse n’était-il pas critiqué déjà à son époque ? | ||
| 856 | 4 | 1 | _uhttps://shs.cairn.info/histoire-de-napoleon--9782200627157?lang=fr&redirect-ssocas=7080 |
| 999 |
_c1568408 _d1568408 |
||